Statistics for NFL Teams with the most playoff appearances

Click here to take the quiz!

General Stats

  • This quiz has been taken 41 times
  • The average score is 8 of 10

Answer Stats

HintAnswer% Correct
33Steelers
97%
2949ers
92%
35Cowboys
89%
35Packers
89%
33Giants
84%
31Rams
78%
31Vikings
70%
29Colts
68%
29Eagles
68%
29Browns
54%

Score Distribution

Percentile by Number Answered

Percent of People with Each Score

Your Score History

You have not taken this quiz